Learning LATEX
Αποθηκεύτηκε σε:
| Κύριος συγγραφέας: | |
|---|---|
| Άλλοι συγγραφείς: | |
| Μορφή: | Βιβλίο |
| Γλώσσα: | English |
| Δημοσίευση: |
Philadelphia :
SIAM,
C1997
|
| Θέματα: | |
| Ετικέτες: |
Προσθήκη ετικέτας
Δεν υπάρχουν, Καταχωρήστε ετικέτα πρώτοι!
|
MARC
| LEADER | 00000nam a2200000 i 4500 | ||
|---|---|---|---|
| 001 | 1/103990 | ||
| 008 | 000303s1997 eng d | ||
| 020 | |a 0898713838 | ||
| 035 | |l 10058678 | ||
| 040 | |a GR-MY-UA |b gre |e aacr | ||
| 041 | 0 | |a eng | |
| 082 | 0 | |a 686.22544536 | |
| 100 | 1 | |a Griffiths, David Francis. | |
| 245 | 1 | 0 | |a Learning LATEX / |c David F. Friffiths, Desmond J. Higham |
| 260 | |a Philadelphia : |b SIAM, |c C1997 | ||
| 300 | |a X, 84 P.; |b ill.; |c 26 cm. | ||
| 504 | |a Includes bibliographical references (p.73) and index | ||
| 630 | 0 | 0 | |a LaTeX (Computer file) |
| 650 | 0 | 0 | |a Computerized typesetting. |
| 650 | 0 | 0 | |a Mathematics printing |x Data processing. |
| 700 | 1 | |a Higham, D. J. (Desmond J.) | |
| 852 | |a INST |b SAMOS |e 20000303 |h 686.22544536 GRI |p 005300016176 |q 005300016176 |t BK |y 0 | ||
| 901 | |a BIBL3-2000-1 | ||
| 909 | |a Σ |b 067577 | ||
| 922 | |a 3ΕΛΗ |b 199911 |c ΕΠΕΑΕΚ/ΜΑΘ |d ΠΑΠΑΣΩΤΗΡΙΟΥ | ||
| 970 | |a ΚΟΣΙΕΡΗΣ |b ΧΡΗΣΤΟΣ |z 2000/03/03 | ||